[Event "Icelandic Team Championship 2021"]
[Site "Reykjavik"]
[Date "2021.10.02"]
[Round "4.1"]
[White "Hillarp Persson, Tiger"]
[Black "Steingrimsson, Hedinn"]
[Result "1/2-1/2"]
[WhiteElo "2541"]
[BlackElo "2519"]

1. c4 {[%clk 01:30:53]} {[%emt 00:00:11]} c6 {[%emt 00:00:03]} 2. Nf3 {[%emt
00:00:05]} d5 {[%emt 00:00:05]} 3. e3 {[%emt 00:00:08]} Nf6 {[%emt 00:00:10]} 4.
Nc3 {[%clk 01:31:53]} {[%emt 00:00:02]} e6 {[%clk 01:32:42]} {[%emt 00:00:18]}
5. b3 {[%clk 01:32:17]} {[%emt 00:00:04]} Bd6 6. Bb2 {[%clk 01:27:41]} {[%emt
00:01:34]} O-O 7. Qc2 {[%emt 00:06:00]} e5 {[%emt 00:00:03]} 8. cxd5 {[%clk
01:28:04]} {[%emt 00:00:04]} cxd5 {[%emt 00:00:10]} 9. Nb5 {[%clk 01:28:21]}
{[%emt 00:00:04]} Nc6 {[%emt 00:01:00]} 10. Nxd6 Qxd6 {[%emt 00:00:29]} 11. Bb5
{[%emt 00:15:52]} Nb4 {[%emt 00:10:37]} 12. Qc1 {[%clk 01:16:46]} {[%emt
00:01:02]} Qb6 {[%clk 00:37:00]} {[%emt 00:41:09]} 1/2-1/2

[Event "Icelandic Team Championship 2021"]
[Site "Reykjavik"]
[Date "2021.10.02"]
[Round "4.2"]
[White "Kulaots, Kaido"]
[Black "Bromann, Thorbjorn"]
[Result "1/2-1/2"]
[WhiteElo "2530"]
[BlackElo "2385"]

1. e4 {[%clk 01:30:47]} {[%emt 00:00:15]} e6 {[%clk 01:30:54]} {[%emt
00:00:04]} 2. d4 {[%clk 01:31:04]} {[%emt 00:00:11]} d5 {[%clk 01:31:18]}
{[%emt 00:00:07]} 3. Nc3 {[%clk 01:31:25]} {[%emt 00:00:09]} dxe4 {[%clk
01:31:43]} {[%emt 00:00:04]} 4. Nxe4 {[%clk 01:31:51]} {[%emt 00:00:05]} Nd7
{[%clk 01:32:07]} {[%emt 00:00:06]} 5. Nf3 {[%clk 01:31:41]} {[%emt 00:00:40]}
Ngf6 {[%clk 01:32:31]} {[%emt 00:00:06]} 6. Nxf6+ {[%clk 01:31:43]} {[%emt
00:00:28]} Nxf6 {[%clk 01:32:55]} {[%emt 00:00:06]} 7. c3 {[%clk 01:31:52]}
{[%emt 00:00:20]} c5 {[%clk 01:33:13]} {[%emt 00:00:12]} 8. Ne5 {[%clk
01:29:34]} {[%emt 00:02:48]} a6 {[%clk 01:33:07]} {[%emt 00:00:38]} 9. Be3
{[%clk 01:27:52]} {[%emt 00:02:10]} Qc7 {[%clk 01:27:53]} {[%emt 00:05:45]} 10.
Qa4+ {[%clk 01:26:07]} {[%emt 00:02:14]} Nd7 {[%clk 01:28:17]} {[%emt
00:00:07]} 11. Bb5 {[%clk 01:23:35]} {[%emt 00:03:01]} cxd4 {[%clk 01:28:14]}
{[%emt 00:00:33]} 12. Bxd7+ {[%clk 01:23:23]} {[%emt 00:00:42]} Bxd7 {[%clk
01:28:37]} {[%emt 00:00:07]} 13. Qxd4 {[%clk 01:22:57]} {[%emt 00:00:55]} f6
{[%clk 01:28:34]} {[%emt 00:00:34]} 14. Nxd7 {[%clk 01:22:14]} {[%emt
00:01:13]} Qxd7 {[%clk 01:28:58]} {[%emt 00:00:05]} 15. Qxd7+ {[%clk 01:21:47]}
{[%emt 00:00:58]} Kxd7 {[%clk 01:29:21]} {[%emt 00:00:07]} 16. O-O-O+ {[%clk
01:21:37]} {[%emt 00:00:39]} Kc7 {[%clk 01:29:20]} {[%emt 00:00:30]} 17. Rhe1
{[%clk 01:11:49]} {[%emt 00:10:19]} a5 {[%clk 01:10:45]} {[%emt 00:19:05]} 18.
Kc2 {[%clk 01:02:45]} {[%emt 00:09:34]} Ra6 {[%clk 01:08:16]} {[%emt 00:03:00]}
19. Rd4 {[%clk 00:53:50]} {[%emt 00:09:26]} e5 {[%clk 01:03:59]} {[%emt
00:04:47]} 20. Rd5 {[%clk 00:52:59]} {[%emt 00:01:20]} Bd6 {[%clk 00:52:50]}
{[%emt 00:11:40]} 21. a4 {[%clk 00:51:23]} {[%emt 00:02:06]} Rd8 {[%clk
00:40:40]} {[%emt 00:12:39]} 22. Kb3 {[%clk 00:49:26]} {[%emt 00:02:26]} Be7
{[%clk 00:37:13]} {[%emt 00:03:57]} 23. Rxd8 {[%clk 00:45:51]} {[%emt
00:04:06]} Bxd8 {[%clk 00:36:46]} {[%emt 00:00:57]} 24. Kc4 {[%clk 00:41:59]}
{[%emt 00:04:22]} Kc6 {[%clk 00:34:36]} {[%emt 00:02:40]} 25. Bc5 {[%clk
00:26:10]} {[%emt 00:16:18]} Ra8 {[%clk 00:27:58]} {[%emt 00:07:08]} 26. Rd1
{[%clk 00:24:16]} {[%emt 00:02:25]} Bc7 {[%clk 00:27:09]} {[%emt 00:01:18]} 27.
h3 {[%clk 00:22:37]} {[%emt 00:02:10]} b6 {[%clk 00:16:32]} {[%emt 00:11:07]}
28. Be3 {[%clk 00:22:05]} {[%emt 00:01:01]} f5 {[%clk 00:16:08]} {[%emt
00:00:55]} 29. f3 {[%clk 00:12:40]} {[%emt 00:09:55]} Re8 {[%clk 00:10:48]}
{[%emt 00:05:50]} 30. Bf2 {[%clk 00:07:29]} {[%emt 00:05:41]} f4 {[%clk
00:04:56]} {[%emt 00:06:23]} 31. Re1 {[%clk 00:04:52]} {[%emt 00:03:07]} Rd8
{[%clk 00:04:57]} {[%emt 00:00:28]} 32. Re2 {[%clk 00:05:18]} {[%emt 00:00:05]}
Rd1 {[%clk 00:04:49]} {[%emt 00:00:38]} 33. b4 {[%clk 00:04:18]} {[%emt
00:01:30]} axb4 {[%clk 00:05:06]} {[%emt 00:00:13]} 34. cxb4 {[%clk 00:04:42]}
{[%emt 00:00:06]} Rc1+ {[%clk 00:04:27]} {[%emt 00:01:09]} 35. Kb3 {[%clk
00:03:49]} {[%emt 00:01:23]} Rb1+ {[%clk 00:03:51]} {[%emt 00:01:06]} 36. Kc4
{[%clk 00:02:33]} {[%emt 00:01:45]} Rc1+ {[%clk 00:04:15]} {[%emt 00:00:07]} 37.
Kb3 {[%clk 00:02:11]} {[%emt 00:00:52]} Rb1+ {[%clk 00:04:13]} {[%emt
00:00:32]} 38. Kc4 {[%clk 00:00:48]} {[%emt 00:01:53]} 1/2-1/2

[Event "Icelandic Team Championship 2021"]
[Site "Reykjavik"]
[Date "2021.10.02"]
[Round "4.3"]
[White "Karlsson, Bjorn-Ivar"]
[Black "Ragnarsson, Dagur"]
[Result "1/2-1/2"]
[WhiteElo "2313"]
[BlackElo "2376"]

1. Nf3 {[%clk 01:30:40]} {[%emt 00:00:31]} d5 {[%clk 01:30:52]} 2. d4 {[%clk
01:30:21]} {[%emt 00:00:48]} e6 {[%clk 01:31:10]} {[%emt 00:00:24]} 3. c4
{[%clk 01:30:43]} c6 {[%clk 01:31:35]} 4. g3 {[%emt 00:01:39]} f5 {[%emt
00:01:30]} 5. Bg2 {[%clk 01:30:09]} Nf6 6. O-O {[%clk 01:29:53]} Bd6 7. Bf4
{[%emt 00:01:35]} O-O {[%emt 00:02:16]} 8. Bxd6 {[%clk 01:25:43]} Qxd6 9. Nbd2
{[%emt 00:04:39]} Nbd7 {[%emt 00:02:13]} 10. Qc2 {[%emt 00:10:56]} Ng4 {[%emt
00:10:28]} 11. e3 {[%clk 01:08:10]} {[%emt 00:08:36]} b6 {[%clk 01:07:37]}
{[%emt 00:10:34]} 12. Rac1 {[%clk 01:02:05]} {[%emt 00:06:35]} Bb7 {[%clk
01:07:12]} {[%emt 00:00:55]} 13. h3 {[%clk 00:56:11]} {[%emt 00:06:23]} Nh6
{[%clk 01:04:49]} {[%emt 00:02:54]} 14. Rfd1 {[%clk 00:49:24]} {[%emt
00:07:17]} g6 {[%clk 01:02:50]} {[%emt 00:02:29]} 15. Ne1 {[%clk 00:44:15]}
{[%emt 00:05:40]} Nf7 {[%clk 00:55:16]} {[%emt 00:08:05]} 16. Nd3 {[%clk
00:43:32]} {[%emt 00:01:12]} Qe7 {[%clk 00:53:50]} {[%emt 00:01:56]} 17. b4
{[%clk 00:41:51]} {[%emt 00:02:11]} Rfc8 {[%clk 00:53:31]} {[%emt 00:00:49]} 18.
Qb2 {[%clk 00:37:28]} {[%emt 00:04:53]} 1/2-1/2

[Event "Icelandic Team Championship 2021"]
[Site "Reykjavik"]
[Date "2021.10.02"]
[Round "4.4"]
[White "Bjornsson, Sigurbjorn"]
[Black "Thorhallsson, Simon"]
[Result "1/2-1/2"]
[WhiteClock "00:05:49"]
[BlackClock "00:02:07"]
[WhiteElo "2306"]
[BlackElo "2237"]

1. e4 {[%clk 01:30:45]} {[%emt 00:00:15]} c5 {[%clk 01:30:49]} {[%emt
00:00:10]} 2. Nf3 {[%clk 01:31:01]} {[%emt 00:00:14]} d6 {[%clk 01:31:13]}
{[%emt 00:00:06]} 3. d4 {[%clk 01:31:29]} {[%emt 00:00:03]} cxd4 {[%clk
01:31:39]} {[%emt 00:00:04]} 4. Nxd4 {[%clk 01:31:56]} {[%emt 00:00:02]} Nf6
{[%clk 01:32:02]} {[%emt 00:00:08]} 5. Nc3 {[%clk 01:32:22]} {[%emt 00:00:03]}
a6 {[%clk 01:32:26]} {[%emt 00:00:06]} 6. Be3 {[%clk 01:32:48]} {[%emt
00:00:04]} e5 {[%clk 01:32:50]} {[%emt 00:00:07]} 7. Nb3 {[%clk 01:33:14]}
{[%emt 00:00:03]} Be6 {[%clk 01:32:33]} {[%emt 00:00:47]} 8. f3 {[%clk
01:33:31]} {[%emt 00:00:14]} h5 {[%clk 01:32:51]} {[%emt 00:00:11]} 9. Qd2
{[%clk 01:33:23]} {[%emt 00:00:38]} Nbd7 {[%clk 01:32:55]} {[%emt 00:00:26]} 10.
O-O-O {[%clk 01:33:28]} {[%emt 00:00:26]} Rc8 {[%clk 01:32:28]} {[%emt
00:00:59]} 11. Kb1 {[%clk 01:33:38]} {[%emt 00:00:18]} Be7 {[%clk 01:32:26]}
{[%emt 00:00:32]} 12. h3 {[%clk 01:33:11]} {[%emt 00:00:58]} h4 {[%clk
01:27:59]} {[%emt 00:04:56]} 13. Bd3 {[%clk 01:32:21]} {[%emt 00:01:20]} Qc7
{[%clk 01:24:21]} {[%emt 00:04:07]} 14. Rhe1 {[%clk 01:30:55]} {[%emt
00:01:56]} b5 {[%clk 01:19:46]} {[%emt 00:05:06]} 15. f4 {[%clk 01:29:20]}
{[%emt 00:02:06]} Nb6 {[%clk 01:13:37]} {[%emt 00:06:38]} 16. Bxb6 {[%clk
01:28:27]} {[%emt 00:01:23]} Qxb6 {[%clk 01:13:54]} {[%emt 00:00:13]} 17. Nd5
{[%clk 01:28:47]} {[%emt 00:00:11]} Qb7 {[%clk 01:03:14]} {[%emt 00:11:10]} 18.
Na5 {[%clk 01:21:09]} {[%emt 00:08:08]} Qa7 {[%clk 01:02:51]} {[%emt 00:00:52]}
19. Nxe7 {[%clk 01:19:26]} {[%emt 00:02:13]} Kxe7 {[%clk 00:58:37]} {[%emt
00:04:44]} 20. f5 {[%clk 01:07:56]} {[%emt 00:12:00]} Bd7 {[%clk 00:58:20]}
{[%emt 00:00:47]} 21. Bxb5 {[%clk 01:06:08]} {[%emt 00:02:18]} Bxb5 {[%clk
00:55:49]} {[%emt 00:03:00]} 22. Qxd6+ {[%clk 01:06:30]} {[%emt 00:00:08]} Ke8
{[%clk 00:56:14]} {[%emt 00:00:05]} 23. Qxe5+ {[%clk 01:06:21]} {[%emt
00:00:40]} Qe7 {[%clk 00:55:31]} {[%emt 00:01:13]} 24. Qf4 {[%clk 01:02:05]}
{[%emt 00:04:46]} Qc7 {[%clk 00:49:06]} {[%emt 00:06:55]} 25. e5 {[%clk
00:58:44]} {[%emt 00:03:51]} Nh5 {[%clk 00:45:22]} {[%emt 00:04:13]} 26. Qb4
{[%clk 00:54:42]} {[%emt 00:04:33]} Qxc2+ {[%clk 00:39:23]} {[%emt 00:06:29]}
27. Ka1 {[%clk 00:54:41]} {[%emt 00:00:32]} Qa4 {[%clk 00:36:51]} {[%emt
00:03:01]} 28. Qd2 {[%clk 00:40:51]} {[%emt 00:14:21]} Kf8 {[%clk 00:32:44]}
{[%emt 00:04:38]} 29. e6 {[%clk 00:36:05]} {[%emt 00:05:15]} f6 {[%clk
00:30:04]} {[%emt 00:03:10]} 30. Nb7 {[%clk 00:12:24]} {[%emt 00:24:11]} Kg8
{[%clk 00:26:26]} {[%emt 00:04:08]} 31. Nd6 {[%clk 00:11:24]} {[%emt 00:01:29]}
Rc2 {[%clk 00:24:24]} {[%emt 00:02:32]} 32. Qd4 {[%clk 00:09:13]} {[%emt
00:02:41]} Rc1+ {[%clk 00:15:35]} {[%emt 00:09:19]} 33. Rxc1 {[%clk 00:09:42]}
{[%emt 00:00:02]} Qxd4 {[%clk 00:15:56]} {[%emt 00:00:08]} 34. Nxb5 {[%clk
00:09:16]} {[%emt 00:00:57]} Qf2 {[%clk 00:16:12]} {[%emt 00:00:14]} 35. Nd6
{[%clk 00:07:27]} {[%emt 00:02:19]} Kh7 {[%clk 00:16:15]} {[%emt 00:00:26]} 36.
e7 {[%clk 00:04:12]} {[%emt 00:03:45]} Rb8 {[%clk 00:16:31]} {[%emt 00:00:14]}
37. Nc4 {[%clk 00:03:54]} {[%emt 00:00:48]} Ng3 {[%clk 00:13:30]} {[%emt
00:03:31]} 38. e8=Q {[%clk 00:03:36]} {[%emt 00:00:48]} Rxe8 {[%clk 00:13:54]}
{[%emt 00:00:05]} 39. Rxe8 {[%clk 00:04:00]} {[%emt 00:00:06]} Nxf5 {[%clk
00:13:58]} {[%emt 00:00:26]} 40. a3 {[%clk 00:03:43]} {[%emt 00:00:49]} Qxg2
{[%clk 00:12:36]} {[%emt 00:01:51]} 41. Rc3 {[%clk 00:03:49]} {[%emt 00:00:23]}
Ng3 {[%clk 00:12:11]} {[%emt 00:00:55]} 42. Ne3 {[%clk 00:02:02]} {[%emt
00:02:18]} Qxh3 {[%clk 00:10:56]} {[%emt 00:01:44]} 43. Re7 {[%clk 00:02:23]}
{[%emt 00:00:10]} Nh5 {[%clk 00:10:10]} {[%emt 00:01:16]} 44. Ka2 {[%clk
00:02:15]} {[%emt 00:00:39]} Qf3 {[%clk 00:09:25]} {[%emt 00:01:14]} 45. Rc4
{[%clk 00:01:13]} {[%emt 00:01:33]} h3 {[%clk 00:08:02]} {[%emt 00:01:53]} 46.
Rh4 {[%clk 00:01:33]} {[%emt 00:00:10]} Kg8 {[%clk 00:07:48]} {[%emt 00:00:43]}
47. Nc4 {[%clk 00:01:10]} {[%emt 00:00:54]} Nf4 {[%clk 00:05:31]} {[%emt
00:02:46]} 48. Re3 {[%clk 00:00:44]} {[%emt 00:00:56]} Qf2 {[%clk 00:05:03]}
{[%emt 00:00:58]} 49. Re8+ {[%clk 00:00:38]} {[%emt 00:00:36]} Kf7 {[%clk
00:05:26]} {[%emt 00:00:07]} 50. Nd6+ {[%clk 00:01:04]} {[%emt 00:00:04]} Kg6
{[%clk 00:05:50]} {[%emt 00:00:06]} 51. Rg4+ {[%clk 00:01:21]} {[%emt
00:00:14]} Kh7 {[%clk 00:05:29]} {[%emt 00:00:51]} 52. Re7 {[%clk 00:00:39]}
{[%emt 00:01:12]} Nh5 {[%clk 00:04:59]} {[%emt 00:00:59]} 53. Ne8 {[%clk
00:00:32]} {[%emt 00:00:38]} Qf5 {[%clk 00:03:43]} {[%emt 00:01:46]} 54. Rh4
{[%clk 00:00:33]} {[%emt 00:00:30]} Kh6 {[%clk 00:03:24]} {[%emt 00:00:48]} 55.
Nxg7 {[%clk 00:00:42]} {[%emt 00:00:22]} Qd5+ {[%clk 00:02:59]} {[%emt
00:00:55]} 56. Ka1 {[%clk 00:01:10]} {[%emt 00:00:02]} Qg2 {[%clk 00:01:54]}
{[%emt 00:01:35]} 57. Nxh5 {[%clk 00:00:35]} {[%emt 00:01:05]} Kg5 {[%clk
00:01:54]} {[%emt 00:00:30]} 58. Ree4 {[%clk 00:00:33]} {[%emt 00:00:32]} h2
{[%clk 00:02:00]} {[%emt 00:00:24]} 59. Nxf6 {[%clk 00:00:56]} {[%emt
00:00:08]} h1=Q+ {[%clk 00:01:54]} {[%emt 00:00:37]} 60. Rxh1 {[%clk 00:01:18]}
{[%emt 00:00:07]} Qxh1+ {[%clk 00:02:20]} {[%emt 00:00:04]} 61. Ka2 {[%clk
00:01:45]} {[%emt 00:00:03]} Kxf6 {[%clk 00:02:42]} {[%emt 00:00:08]} 62. Re3
{[%clk 00:01:38]} {[%emt 00:00:36]} a5 {[%clk 00:02:51]} {[%emt 00:00:22]} 63.
Rc3 {[%clk 00:01:58]} {[%emt 00:00:10]} Qd1 {[%clk 00:02:49]} {[%emt 00:00:32]}
64. Rc5 {[%clk 00:02:09]} {[%emt 00:00:20]} a4 {[%clk 00:02:47]} {[%emt
00:00:31]} 65. Rc3 {[%clk 00:02:34]} {[%emt 00:00:05]} Ke5 {[%clk 00:03:02]}
{[%emt 00:00:15]} 66. Rc7 {[%clk 00:02:19]} {[%emt 00:00:45]} Kd6 {[%clk
00:03:06]} {[%emt 00:00:27]} 67. Rc3 {[%clk 00:02:44]} {[%emt 00:00:05]} Kd7
{[%clk 00:03:11]} {[%emt 00:00:26]} 68. Rg3 {[%clk 00:02:52]} {[%emt 00:00:18]}
Qe2 {[%clk 00:03:04]} {[%emt 00:00:42]} 69. Rc3 {[%clk 00:03:07]} {[%emt
00:00:15]} Qd1 {[%clk 00:02:36]} {[%emt 00:00:57]} 70. Rg3 {[%clk 00:03:17]}
{[%emt 00:00:18]} Kd6 {[%clk 00:02:48]} {[%emt 00:00:18]} 71. Rc3 {[%clk
00:03:39]} {[%emt 00:00:09]} Kd5 {[%clk 00:03:01]} {[%emt 00:00:17]} 72. Rc7
{[%clk 00:03:48]} {[%emt 00:00:21]} Qb3+ {[%clk 00:02:53]} {[%emt 00:00:39]} 73.
Ka1 {[%clk 00:04:10]} {[%emt 00:00:07]} Kd4 {[%clk 00:02:56]} {[%emt 00:00:27]}
74. Rc3 {[%clk 00:04:03]} {[%emt 00:00:37]} Qd1+ {[%clk 00:03:09]} {[%emt
00:00:17]} 75. Ka2 {[%clk 00:04:29]} {[%emt 00:00:04]} Qe1 {[%clk 00:03:16]}
{[%emt 00:00:22]} 76. Rc6 {[%clk 00:04:17]} {[%emt 00:00:41]} Qg3 {[%clk
00:03:09]} {[%emt 00:00:38]} 77. Rc3 {[%clk 00:04:40]} {[%emt 00:00:08]} Qg1
{[%clk 00:03:28]} {[%emt 00:00:10]} 78. Rc8 {[%clk 00:04:46]} {[%emt 00:00:23]}
Qg5 {[%clk 00:03:15]} {[%emt 00:00:43]} 79. Rc3 {[%clk 00:05:10]} {[%emt
00:00:07]} Qb5 {[%clk 00:03:23]} {[%emt 00:00:21]} 80. Kb1 {[%clk 00:05:21]}
{[%emt 00:00:17]} Qf1+ {[%clk 00:03:05]} {[%emt 00:00:50]} 81. Ka2 {[%clk
00:05:43]} {[%emt 00:00:05]} Kd5 {[%clk 00:03:18]} {[%emt 00:00:20]} 82. Rc7
{[%clk 00:05:49]} {[%emt 00:00:24]} Kd6 {[%clk 00:02:07]} {[%emt 00:01:09]}
1/2-1/2

[Event "Icelandic Team Championship 2021"]
[Site "Reykjavik"]
[Date "2021.10.02"]
[Round "4.5"]
[White "Thorgeirsson, Jon Kristinn"]
[Black "Heimisson, Hilmir Freyr"]
[Result "1-0"]
[WhiteElo "2257"]
[BlackElo "2286"]

1. e4 {[%clk 01:30:58]} {[%emt 00:00:02]} e5 {[%clk 01:30:46]} {[%emt
00:00:15]} 2. Nf3 {[%clk 01:31:17]} {[%emt 00:00:10]} Nf6 {[%clk 01:31:02]}
{[%emt 00:00:13]} 3. Nxe5 {[%clk 01:31:11]} {[%emt 00:00:36]} d6 {[%clk
01:31:26]} {[%emt 00:00:06]} 4. Nf3 {[%clk 01:31:34]} {[%emt 00:00:07]} Nxe4
{[%clk 01:31:48]} {[%emt 00:00:08]} 5. Nc3 {[%clk 01:31:08]} {[%emt 00:01:00]}
Nxc3 {[%clk 01:30:14]} {[%emt 00:02:01]} 6. dxc3 {[%clk 01:31:28]} {[%emt
00:00:09]} Be7 {[%clk 01:30:06]} {[%emt 00:00:38]} 7. Bd3 {[%clk 01:28:10]}
{[%emt 00:03:48]} Nc6 {[%clk 01:27:12]} {[%emt 00:03:24]} 8. O-O {[%clk
01:28:02]} {[%emt 00:00:37]} Bg4 {[%clk 01:18:27]} {[%emt 00:09:15]} 9. h3
{[%clk 01:28:07]} {[%emt 00:00:28]} Bh5 {[%clk 01:16:20]} {[%emt 00:02:34]} 10.
Bf4 {[%clk 01:27:35]} {[%emt 00:01:02]} Qd7 {[%clk 01:12:42]} {[%emt 00:04:09]}
11. Re1 {[%clk 01:27:24]} {[%emt 00:00:39]} O-O-O {[%clk 01:07:09]} {[%emt
00:06:03]} 12. b4 {[%clk 01:17:04]} {[%emt 00:10:51]} Bf6 {[%clk 00:53:31]}
{[%emt 00:14:07]} 13. b5 {[%clk 01:16:23]} {[%emt 00:01:11]} Na5 {[%clk
00:50:03]} {[%emt 00:03:58]} 14. Rb1 {[%clk 01:07:38]} {[%emt 00:09:15]} d5
{[%clk 00:41:42]} {[%emt 00:08:51]} 15. Ne5 {[%clk 00:52:25]} {[%emt 00:15:43]}
Bxd1 {[%clk 00:41:02]} {[%emt 00:01:09]} 16. Nxd7 {[%clk 00:52:47]} {[%emt
00:00:08]} Rxd7 {[%clk 00:40:09]} {[%emt 00:01:23]} 17. Rbxd1 {[%clk 00:52:46]}
{[%emt 00:00:30]} g6 {[%clk 00:36:26]} {[%emt 00:04:13]} 18. Be5 {[%clk
00:49:42]} {[%emt 00:03:35]} Bxe5 {[%clk 00:26:50]} {[%emt 00:10:06]} 19. Rxe5
{[%clk 00:50:03]} {[%emt 00:00:08]} Rhd8 {[%clk 00:27:06]} {[%emt 00:00:14]} 20.
g4 {[%clk 00:48:32]} {[%emt 00:02:02]} c6 {[%clk 00:24:25]} {[%emt 00:03:11]}
21. Kg2 {[%clk 00:44:22]} {[%emt 00:04:39]} Kc7 {[%clk 00:24:49]} {[%emt
00:00:08]} 22. g5 {[%clk 00:42:52]} {[%emt 00:02:00]} Kd6 {[%clk 00:24:24]}
{[%emt 00:00:56]} 23. bxc6 {[%clk 00:41:02]} {[%emt 00:02:19]} bxc6 {[%clk
00:18:39]} {[%emt 00:06:15]} 24. f4 {[%clk 00:40:54]} {[%emt 00:00:37]} Re7
{[%clk 00:16:07]} {[%emt 00:03:03]} 25. Rxe7 {[%clk 00:40:26]} {[%emt
00:00:58]} Kxe7 {[%clk 00:16:35]} {[%emt 00:00:01]} 26. Rb1 {[%clk 00:40:40]}
{[%emt 00:00:16]} Kd6 {[%clk 00:15:18]} {[%emt 00:01:48]} 27. Rb4 {[%clk
00:39:17]} {[%emt 00:01:53]} c5 {[%clk 00:15:05]} {[%emt 00:00:43]} 28. Ra4
{[%clk 00:37:37]} {[%emt 00:02:10]} Nc6 {[%clk 00:15:11]} {[%emt 00:00:23]} 29.
c4 {[%clk 00:37:44]} {[%emt 00:00:24]} dxc4 {[%clk 00:09:34]} {[%emt 00:06:07]}
30. Bxc4 {[%clk 00:35:37]} {[%emt 00:02:37]} Re8 {[%clk 00:09:38]} {[%emt
00:00:25]} 31. Ra6 {[%clk 00:28:52]} {[%emt 00:07:15]} Re7 {[%clk 00:08:45]}
{[%emt 00:01:24]} 32. Bb5 {[%clk 00:28:58]} {[%emt 00:00:25]} Rc7 {[%clk
00:08:48]} {[%emt 00:00:27]} 33. c4 {[%clk 00:29:11]} {[%emt 00:00:17]} Rc8
{[%clk 00:08:20]} {[%emt 00:00:58]} 34. Kf3 {[%clk 00:29:09]} {[%emt 00:00:31]}
Rc7 {[%clk 00:08:11]} {[%emt 00:00:40]} 35. a4 {[%clk 00:27:40]} {[%emt
00:01:59]} Rc8 {[%clk 00:08:32]} {[%emt 00:00:09]} 36. a5 {[%clk 00:28:01]}
{[%emt 00:00:09]} Rc7 {[%clk 00:08:59]} {[%emt 00:00:03]} 37. Bxc6 {[%clk
00:26:53]} {[%emt 00:01:38]} Rxc6 {[%clk 00:09:26]} {[%emt 00:00:03]} 38. Rxa7
{[%clk 00:27:16]} {[%emt 00:00:07]} Ke6 {[%clk 00:08:36]} {[%emt 00:01:20]} 39.
Rb7 {[%clk 00:27:09]} {[%emt 00:00:37]} Rc8 {[%clk 00:08:02]} {[%emt 00:01:03]}
40. Rb6+ {[%clk 00:27:20]} {[%emt 00:00:19]} Ke7 {[%clk 00:07:24]} {[%emt
00:01:09]} 41. Ke4 {[%clk 00:27:30]} {[%emt 00:00:21]} Rd8 {[%clk 00:07:11]}
{[%emt 00:00:42]} 42. Ke5 {[%clk 00:27:08]} {[%emt 00:00:52]} h6 {[%clk
00:01:17]} {[%emt 00:06:24]} 43. a6 {[%clk 00:25:58]} {[%emt 00:01:39]} hxg5
{[%clk 00:01:09]} {[%emt 00:00:38]} 44. fxg5 {[%clk 00:26:00]} {[%emt
00:00:29]} Rd1 {[%clk 00:00:42]} {[%emt 00:00:57]} 45. a7 {[%clk 00:25:38]}
{[%emt 00:00:52]} Re1+ {[%clk 00:00:47]} {[%emt 00:00:25]} 46. Kd5 {[%clk
00:25:54]} {[%emt 00:00:13]} Rd1+ {[%clk 00:01:09]} {[%emt 00:00:09]} 47. Kc6
{[%clk 00:26:00]} {[%emt 00:00:24]} Ra1 {[%clk 00:00:50]} {[%emt 00:00:49]} 48.
Kb7 {[%clk 00:26:23]} {[%emt 00:00:07]} Kd7 {[%clk 00:00:33]} {[%emt 00:00:47]}
49. a8=Q {[%clk 00:26:43]} {[%emt 00:00:10]} 1-0

[Event "Icelandic Team Championship 2021"]
[Site "Reykjavik"]
[Date "2021.10.02"]
[Round "4.6"]
[White "Johannesson, Oliver"]
[Black "Bergsson, Stefan"]
[Result "1-0"]
[WhiteElo "2238"]
[BlackElo "2147"]

1. d4 {[%clk 01:29:48]} {[%emt 00:00:51]} d5 {[%clk 01:25:28]} {[%emt
00:05:31]} 2. c4 {[%clk 01:29:52]} {[%emt 00:00:28]} e6 {[%clk 01:25:57]}
{[%emt 00:00:01]} 3. Nc3 {[%clk 01:30:14]} {[%emt 00:00:07]} a6 {[%clk
01:26:25]} {[%emt 00:00:01]} 4. cxd5 {[%clk 01:30:07]} {[%emt 00:00:37]} exd5
{[%clk 01:26:54]} {[%emt 00:00:02]} 5. Bf4 {[%clk 01:30:03]} {[%emt 00:00:34]}
c6 {[%clk 01:27:21]} {[%emt 00:00:02]} 6. Qc2 {[%clk 01:29:53]} {[%emt
00:00:40]} Bd6 {[%clk 01:27:35]} {[%emt 00:00:16]} 7. Bg3 {[%clk 01:29:11]}
{[%emt 00:01:13]} Ne7 {[%clk 01:24:12]} {[%emt 00:03:53]} 8. e3 {[%clk
01:28:36]} {[%emt 00:01:06]} Bf5 {[%clk 01:24:29]} {[%emt 00:00:10]} 9. Bd3
{[%clk 01:27:51]} {[%emt 00:01:17]} Qd7 {[%clk 01:18:05]} {[%emt 00:06:54]} 10.
Nf3 {[%clk 01:24:27]} {[%emt 00:03:54]} Bxg3 {[%clk 01:18:01]} {[%emt
00:00:34]} 11. hxg3 {[%clk 01:24:47]} {[%emt 00:00:11]} Bxd3 {[%clk 01:18:21]}
{[%emt 00:00:09]} 12. Qxd3 {[%clk 01:25:12]} {[%emt 00:00:06]} Qf5 {[%clk
01:18:41]} {[%emt 00:00:10]} 13. Qxf5 {[%clk 01:23:00]} {[%emt 00:02:42]} Nxf5
{[%clk 01:19:09]} {[%emt 00:00:02]} 14. g4 {[%clk 01:13:13]} {[%emt 00:10:17]}
Nd6 {[%clk 01:19:24]} {[%emt 00:00:13]} 15. O-O-O {[%clk 01:05:41]} {[%emt
00:08:04]} Nd7 {[%emt 00:00:29]} 16. g5 {[%clk 01:04:35]} {[%emt 00:01:33]} b5
{[%clk 01:19:18]} {[%emt 00:00:39]} 17. Ne5 {[%clk 00:50:36]} {[%emt 00:14:30]}
Nxe5 {[%clk 01:16:43]} {[%emt 00:03:05]} 18. dxe5 {[%clk 00:50:02]} {[%emt
00:01:04]} Nc4 {[%clk 01:17:12]} {[%emt 00:00:01]} 19. e4 {[%clk 00:50:05]}
{[%emt 00:00:27]} b4 {[%clk 01:17:21]} {[%emt 00:00:20]} 20. Na4 {[%clk
00:49:49]} {[%emt 00:00:46]} O-O {[%clk 01:15:21]} {[%emt 00:02:30]} 21. exd5
{[%clk 00:45:24]} {[%emt 00:04:55]} Nxe5 {[%clk 01:15:29]} {[%emt 00:00:22]} 22.
Rhe1 {[%clk 00:33:55]} {[%emt 00:11:59]} f6 {[%clk 01:14:44]} {[%emt 00:01:14]}
23. gxf6 {[%clk 00:27:25]} {[%emt 00:07:00]} gxf6 {[%emt 00:00:12]} 24. f4
{[%clk 00:22:51]} {[%emt 00:05:02]} Ng6 {[%clk 01:14:49]} {[%emt 00:00:45]} 25.
Nb6 {[%clk 00:20:46]} {[%emt 00:02:35]} Ra7 {[%clk 01:12:53]} {[%emt 00:02:27]}
26. dxc6 {[%clk 00:19:18]} {[%emt 00:01:57]} Nxf4 {[%clk 01:13:09]} {[%emt
00:00:14]} 27. Kb1 {[%clk 00:17:15]} {[%emt 00:02:33]} Rc7 {[%clk 01:05:14]}
{[%emt 00:08:25]} 28. Rd6 {[%clk 00:08:58]} {[%emt 00:08:47]} f5 {[%clk
00:47:21]} {[%emt 00:18:23]} 29. g3 {[%clk 00:06:08]} {[%emt 00:03:21]} Ng6
{[%clk 00:46:45]} {[%emt 00:01:06]} 30. Nd5 {[%clk 00:06:22]} {[%emt 00:00:15]}
Rcc8 {[%clk 00:46:52]} {[%emt 00:00:22]} 31. c7 {[%clk 00:06:06]} {[%emt
00:00:47]} a5 {[%clk 00:41:47]} {[%emt 00:05:36]} 32. Rc1 {[%clk 00:04:55]}
{[%emt 00:01:41]} 1-0